书目信息 |
| 题名: |
城市植源性污染及其防治
|
|
| 作者: | 王成 著 | |
| 分册: | ||
| 出版信息: | 北京 中国林业出版社有限公司 2020.11 |
|
| 页数: | 197页 | |
| 开本: | 26cm | |
| 丛书名: | ||
| 单 册: | ||
| 中图分类: | X173 | |
| 科图分类: | ||
| 主题词: | 城市--植物污染--污染防治 | |
| 电子资源: | ||
| ISBN: | 978-7-5219-0872-5 | |
| 000 | 01301nam0 2200289 45 | |
| 001 | 012001002365 | |
| 005 | 20140914084029.0 | |
| 010 | @a978-7-5219-0872-5@dCNY96.00 | |
| 100 | @a20210428d2020 em y0chiy50 ea | |
| 101 | 0 | @achi |
| 102 | @aCN@b110000 | |
| 105 | @aa z 000yy | |
| 106 | @ar | |
| 200 | 1 | @a城市植源性污染及其防治@Acheng shi zhi yuan xing wu ran ji qi fang zhi@b专著@dUrban phytogenic pollution sources, processes and controls@f王成[等]著@zeng |
| 210 | @a北京@c中国林业出版社有限公司@d2020.11 | |
| 215 | @a197页@c彩图@d26cm | |
| 300 | @a科技部科研院所社会公益研究专项“主要尘源性与植源性大气污染物对人体健康的影响评价” | |
| 300 | @a国家林业局区域化实验项目 | |
| 300 | @a并列题名:Urban phytogenic pollution sources, processes and controls | |
| 304 | @a著者还有:金佳莉、孙睿霖、王艳英、郭二果、杨颖等 | |
| 330 | @a本书共八章,包括:植源性污染概述、我国典型城市植源性污染状况分析、北京地区植源性污染发生的物候特征与地域分布格局、树木挥发物对小鼠自发行为和人体生理的影响、城市植源性污染的总体发生规律及防治对策等。 | |
| 510 | 1 | @aUrban phytogenic pollution sources, processes and controls@zeng |
| 606 | 0 | @a城市@x植物污染@x污染防治 |
| 690 | @aX173@v5 | |
| 701 | 0 | @a王成@Awang cheng@f(1967~)@4著 |
| 801 | 0 | @aCN@bBJSDL@c20211011 |
| 905 | @b1339446-9@dX173@e276@f4 | |
| 城市植源性污染及其防治=Urban phytogenic pollution sources, processes and controls/王成[等]著.-北京:中国林业出版社有限公司,2020.11 |
| 197页:彩图;26cm |
| 科技部科研院所社会公益研究专项“主要尘源性与植源性大气污染物对人体健康的影响评价”.-国家林业局区域化实验项目.-并列题名:Urban phytogenic pollution sources, processes and controls |
| ISBN 978-7-5219-0872-5:CNY96.00 |
| 本书共八章,包括:植源性污染概述、我国典型城市植源性污染状况分析、北京地区植源性污染发生的物候特征与地域分布格局、树木挥发物对小鼠自发行为和人体生理的影响、城市植源性污染的总体发生规律及防治对策等。 |
| ● |
| 相关链接 |
|
|
|
|
正题名:城市植源性污染及其防治
索取号:X173/276
 
预约/预借
| 序号 | 登录号 | 条形码 | 馆藏地/架位号 | 状态 | 备注 |
| 1 | 1339446 | 213394469 | 第二样本阅览室/ [索取号:X173/276] | 在馆 | |
| 2 | 1339447 | 213394478 | 第三借阅区/ [索取号:X173/276] | 在馆 | |
| 3 | 1339448 | 213394487 | 第三借阅区/ [索取号:X173/276] | 在馆 | |
| 4 | 1339449 | 213394496 | 第三借阅区/ [索取号:X173/276] | 在馆 |